000 00478nam a22001697a 4500
003 CEME
005 20210628203315.0
008 210302b xxu||||| |||| 00| 0 eng d
040 _c.
082 _a004 INM
100 _aIeee, Lums
_964607
245 _aProceeding inmic 2001, international multitopic conference 28-30 december
260 _bIEEE
300 _aIX,292P
650 _aINMIC 2001.IEEE INMIC 2001.TECHNOLOGY FOR THE 21ST CENTURY.LUMS
_964608
942 _cBK
_2ddc
999 _c573046
_d573046